Basic writing
| Corporate Authors: | , , |
|---|---|
| Format: | Electronic Journal |
| Language: | English |
| Published: |
New York :
City College of New York, Dept. of English
New York : Instructional Resource Center, City University of New York New York : City University of New York Office of Academic Affairs |
| Subjects: | |
| Online Access: | Full text available from Research Library: 04/01/2004 to present |
MARC
| LEADER | 00000nas a2200000 a 4500 | ||
|---|---|---|---|
| 001 | ssj0032717 | ||
| 003 | WaSeSS | ||
| 005 | 20200512172242.0 | ||
| 006 | m d | ||
| 007 | cr n | ||
| 008 | 050614c19759999nyufr pss 0 0eng c | ||
| 010 | |a 2012250745 | ||
| 016 | 7 | |a 996375325 |2 DE-101 | |
| 016 | 7 | |a 2512506-0 |2 DE-600 | |
| 022 | |l 0147-1635 |y 0147-1635 | ||
| 024 | 8 | |a eb716673 | |
| 035 | |a (WaSeSS)ssj0032717 | ||
| 040 | |a OCLCS |b eng |c OCLCS |d TXJ |d HEBIS |d DEBBG |d OCLCQ |d GWDNB |d BUF |d OCLCQ |d OCLCA |d OCLCQ |d OCLCA |d OCLCF |d OCLCO |d CGU |d OCLCO |d OCLCQ |d AU@ |d VT2 |d WaSeSS | ||
| 042 | |a pcc | ||
| 050 | 1 | 4 | |a PE1404 |b .J68 |
| 082 | 0 | 4 | |a 808/.042/0711 |
| 084 | |a 370 |a 280 |2 zdbs | ||
| 245 | 0 | 0 | |a Basic writing |h [electronic resource]. |
| 246 | 1 | 4 | |a Journal of basic writing |f spring/summer1999- |
| 246 | 1 | 3 | |a JBW |f spring 1997- |
| 260 | |3 1975-1976 : |a New York : |b City College of New York, Dept. of English | ||
| 260 | 2 | |3 1977-spring 1998 : |a New York : |b Instructional Resource Center, City University of New York | |
| 260 | 3 | |3 fall 1998- : |a New York : |b City University of New York Office of Academic Affairs | |
| 310 | |a Semiannual, |b 1978- | ||
| 321 | |a Annual, |b 1975-1977 | ||
| 362 | 1 | |a Print began with v. 1 in spring 1975. | |
| 506 | |a License restrictions may limit access. | ||
| 538 | |a Mode of access: World Wide Web. | ||
| 555 | |a Vols. 1-15; 1989-96 in v. 16, no. 1. | ||
| 588 | |a Description based on v. 1 (spring 1975); title from PDF cover (journal archive website, viewed Aug. 7, 2012). | ||
| 588 | |a Latest issue consulted: V. 30, issue 1 (spring 2011) (EBSCO Communication & Mass Media Complete, viewed Aug. 7, 2012). | ||
| 650 | 0 | |a English language |x Rhetoric |x Study and teaching (Higher) |v Periodicals. | |
| 650 | 0 | |a Basic writing (Remedial education) |v Periodicals. | |
| 650 | 7 | |a Basic writing (Remedial education) |2 fast |0 (OCoLC)fst00828157 | |
| 650 | 7 | |a English language |x Rhetoric |x Study and teaching (Higher) |2 fast |0 (OCoLC)fst00911616 | |
| 655 | 0 | |a Electronic journals. | |
| 710 | 2 | |a City University of New York. |b Office of Academic Affairs. | |
| 710 | 2 | |a City University of New York. |b Instructional Resource Center. | |
| 710 | 2 | |a City University of New York. |b City College. |b Department of English. | |
| 776 | 0 | 8 | |i Print version: |t Journal of basic writing |x 0147-1635 |w (DLC) 77649542 |w (OCoLC)3117719 |
| 856 | 4 | 0 | |z Full text available from Research Library: 04/01/2004 to present |u https://search.proquest.com/publication/48355 |